01863nam a2200337 a 450000100100000000500170001000800410002704000250006808200210009310000270011424501750014126000350031630000330035150400730038450400390045765000310049665000270052765000450055465000410059965000540064070000370069470000360073171000860076704900090085395201340086295201340099695201340113095201190126495201250138399900170150800001216320200929162726.0091106s2000 dr ab 000 0 spa d aDO-SdBNPbspacBNPHU a630.97293bL626p1 aLescot, Thierry92875010aPrevención y manejo de la sigatoka negra en cultivos de guineo y plátano en la República Dominica /cThierry Lescot, Carlos Ml. Céspedes, Henry A. Ricardo Medina. aSanto Domingo :bCEDAF,c2000. a94 p. :bil., map. ;c28 cm. aIncluye referencias bibliográficas y notas al pie de las páginas aIncluye bibliografías (p. 55-94) 4aPlátanosxCultivo928751 4aBananoxCultivo912319 4aPlátanosxEnfermedades y plagas928752 4aBananoxEnfermedades y plagas928753 4aPlagas agrícolaszRepública Dominicana9287541 aCéspedes E., Carlos Ml.9287551 aRicardo Medina, Henry A.9287562 aCentro para el Desarrollo Agropecuário y Forestal (República Dominicana)9130 aBNPD 001054708DSaGRbGRcCTd2009-11-06iLF1l0o630.97293 L626pp12163-30r2020-06-25te. 3w2020-06-25yLFDSZPréstamo en sala 001054708DSaGRbGRcCTd2011-02-15iLF1l0o630.97293 L626pp12163-40r2020-06-25te. 4w2020-06-25yLFDSZPréstamo en sala 001054708DSaGRbGRcCTd2011-02-15iLF1l0o630.97293 L626pp12163-50r2020-06-25te. 5w2020-06-25yLFDSZPréstamo en sala 0010718PDaPDbPDcCTd2009-11-06iLF1l0o630.97293 L626pp12163-10r2020-06-25w2020-06-25yLFPDZNo se presta 0010718PDaPDbPDcCTd2009-11-06iLF1l0o630.97293 L626pp12163-20r2020-06-25te. 2w2020-06-25yLFPDZNo se presta c11828d11828